Translation studies / (Record no. 123714)
[ view plain ]
| 000 -LEADER | |
|---|---|
| fixed length control field | 00998cam a2200337 a 4500 |
| 001 - CONTROL NUMBER | |
| control field | 5182287 |
| 005 - DATE AND TIME OF LATEST TRANSACTION | |
| control field | 20151104090710.0 |
| 008 - FIXED-LENGTH DATA ELEMENTS--GENERAL INFORMATION | |
| fixed length control field | 020716s2002 enka b 001 0 eng |
| 010 ## - LIBRARY OF CONGRESS CONTROL NUMBER | |
| LC control number | 2002068174 |
| 020 ## - INTERNATIONAL STANDARD BOOK NUMBER | |
| International Standard Book Number | 0415280133 (hbk.) |
| 020 ## - INTERNATIONAL STANDARD BOOK NUMBER | |
| International Standard Book Number | 0415280141 (pbk.) |
| 035 ## - SYSTEM CONTROL NUMBER | |
| System control number | (OCoLC)50227305 |
| 035 ## - SYSTEM CONTROL NUMBER | |
| System control number | (OCoLC)ocm50227305 |
| 035 ## - SYSTEM CONTROL NUMBER | |
| System control number | (DLC) 2002068174 |
| 035 ## - SYSTEM CONTROL NUMBER | |
| System control number | (NNC)5182287 |
| 040 ## - CATALOGING SOURCE | |
| Original cataloging agency | DLC |
| Transcribing agency | DLC |
| Modifying agency | DLC |
| 050 00 - LIBRARY OF CONGRESS CALL NUMBER | |
| Classification number | PN241 |
| Item number | .B265 2002 |
| 082 00 - DEWEY DECIMAL CLASSIFICATION NUMBER | |
| Classification number | 418/.02 |
| Edition number | 21 |
| 100 1# - MAIN ENTRY--PERSONAL NAME | |
| Personal name | Bassnett, Susan. |
| 9 (RLIN) | 20849 |
| 245 10 - TITLE STATEMENT | |
| Title | Translation studies / |
| Statement of responsibility, etc | Susan Bassnett. |
| 250 ## - EDITION STATEMENT | |
| Edition statement | 3rd ed. |
| 260 ## - PUBLICATION, DISTRIBUTION, ETC. (IMPRINT) | |
| Place of publication, distribution, etc | London ; |
| -- | New York : |
| Name of publisher, distributor, etc | Routledge, |
| Date of publication, distribution, etc | 2002. |
| 300 ## - PHYSICAL DESCRIPTION | |
| Extent | 176 p. : |
| Other physical details | ill. ; |
| Dimensions | 21 cm. |
| 490 1# - SERIES STATEMENT | |
| Series statement | New accents |
| 504 ## - BIBLIOGRAPHY, ETC. NOTE | |
| Bibliography, etc | Includes bibliographical references (p. [146]-164) and index. |
| 650 #0 - SUBJECT ADDED ENTRY--TOPICAL TERM | |
| Topical term or geographic name as entry element | Translating and interpreting. |
| 9 (RLIN) | 20850 |
| 830 #0 - SERIES ADDED ENTRY--UNIFORM TITLE | |
| Uniform title | New accents (Routledge (Firm)) |
| 9 (RLIN) | 19391 |
| 942 ## - ADDED ENTRY ELEMENTS (KOHA) | |
| Source of classification or shelving scheme | Library of Congress Classification |
| Item type | Monograph ( Printed materials) |
| 948 2# - LOCAL PROCESSING INFORMATION (OCLC); SERIES PART DESIGNATOR (RLIN) | |
| Series part designator, SPT (RLIN) | 20060414 |
| b (OCLC) | a |
| c (OCLC) | dc21 |
| d (OCLC) | MPS |
| Withdrawn status | Lost status | Source of classification or shelving scheme | Damaged status | Not for loan | Collection code | Home library | Current library | Shelving location | Date acquired | Total Checkouts | Full call number | Barcode | Date last seen | Price effective from | Koha item type |
|---|---|---|---|---|---|---|---|---|---|---|---|---|---|---|---|
| Library of Congress Classification | Main Collection | ARRUPE LIBRARY | ARRUPE LIBRARY | Main Collection | 04/11/2015 | PN241 .B265 2002 | 80005002634 | 27/03/2019 | 04/11/2015 | Monograph ( Printed materials) |